LEADER 01202nam a2200301 u 4500 001 000000008960 003 CaOOAMICUS 005 20070226105143.0 008 940516s1948 fr u000 u fre u 035 $a10228064 040 $aPUL(R)$bita 100 1 $aGilson, Etienne,$d1884-1978.$0(OLS)http://pul/name/629 245 10$aHéloïse et Abélard /$cEtienne Gilson. 250 $a2. éd. rev. 260 $aParis :$bVrin,$c1948. 300 $a171 p. ;$c19 cm 490 1 $aEssais d'art et de philosophie 504 $aIncludes bibliographical references. 600 14$aAbaelardus, Petrus,$d1079-1142.$0(OLS)http://pul/subject/3036 600 04$aHéloïse,$d1101-1164.$0(OLS)http://pul/subject/7495 830 0$aEssais d'art et de philosophie.$0(OLS)http://pul/title/13172 850 $aPUL 852 $aPUL$W1$xDP1 Altre Collocazioni$y17$mSenza collocazione$j12$nBK-PRI$b $qStampati$B12647$CPULBib$Z2$F12647 $H $81 941 1 $a8 960 $aAbelard, Peter$d1079-1142$93036 960 $aAbelardo, Pietro,$d1079-1142$93036 996 $6245$aHéloïse et Abélard$9(OLS)http://pul/title/13171 996 $6260$aParis :$bVrin$9(OLS)http://pul/publisher/50780 LEADER 01698nam a2200361 u 4500 001 000000040937 003 CaOOAMICUS 005 20070226114146.0 008 980831s1968 it u000 u ita u 035 $a10802124 040 $aMSA$bita$dPUL(R) 100 1 $aLopez de Oñate, Flavio,$d1912-1944.$0(OLS)http://pul/name/30181 245 13$aLa certezza del diritto /$cFlavio Lopez de Oñate ; a cura di Guido Astuti ; in aggiunta saggi di G. Capograssi, P. Calamandrei, F. Carnelutti e P. Fedele ; appendice di M. Corsale. 250 $aNuova ed. riv. 260 $aMilano :$bGiuffrè,$c1968. 300 $aviii, 308 p. ;$c21 cm 490 1 $aCiviltà del diritto ;$v19 504 $aContiene riferimenti bibliografici in nota. 650 4$aFilosofia del diritto.$0(OLS)http://pul/subject/620 700 1 $aAstuti, Guido,$d1910-1980.$0(OLS)http://pul/name/4396 700 1 $aCapograssi, Giuseppe,$d1889-1956.$0(OLS)http://pul/name/5632 700 1 $aCorsale, Massimo.$0(OLS)http://pul/name/11573 700 1 $aCarnelutti, Francesco,$d1879-1965.$0(OLS)http://pul/name/9835 700 1 $aFedele, Pio,$d1911-2004.$0(OLS)http://pul/name/1159 700 1 $aCalamandrei, Piero,$d1889-1956.$0(OLS)http://pul/name/28183 830 0$aCiviltà del diritto ;$v19.$0(OLS)http://pul/title/13936 850 $aPUL 852 $aPUL$W1$xSL Diritto e Scienze Sociali 1$y4$m237 D 101$j55539$nBK-PRI$b $qStampati$B55539$CPULBib$Z2$F55539 $H $81 941 1 $a8 960 $aDiritto$xFilosofia$9620 961 $aINV: 73930 996 $6245$aLa certezza del diritto$9(OLS)http://pul/title/17527 996 $6260$aMilano :$bGiuffrè$9(OLS)http://pul/publisher/48401 LEADER 01218nam a2200265 u 4500 001 000000110816 003 CaOOAMICUS 005 20080328141109.0 008 080328s1971 it u000 u ita u 040 $aPUL$bita$dLDB 041 1 $aita$hrus 100 1 $aSolov'ëv, Vladimir Sergeevic,$d1853-1900.$0(OLS)http://pul/name/21077 240 10$aCtenija o Bogocelovecestve.$lItaliano.$0(OLS)http://pul/title/139353 245 10$aSulla Divinoumanità e altri scritti /$cVladimir Sergeevic Solov'ëv. 260 $aMilano :$bJaca Book,$cc1971. 300 $a218 p. ;$c25 cm. 490 1 $aTeologia ;$v006 504 $aContiene indicazioni bibliografiche in nota. 800 1 $aSolov'ëv, Vladimir Sergeevic,$d1853-1900.$tOpere scelte.$0(OLS)http://pul/nameTitle/734$0(OLS)http://pul/name/21077$0(OLS)http://pul/title/139355 830 0$aTeologia (Jaca Book) ;$v006.$0(OLS)http://pul/title/43953 850 $aPUL 852 $aPUL$W1$xDP2 Religione 1$y63$m69 F 35$j126987$qStampati$B125696$CPULBib$Z2$F125696 $H37653 $82 941 1 $a8 996 $6245$aSulla Divinoumanità e altri scritti$9(OLS)http://pul/title/139354 996 $6260$aMilano :$bJaca Book$9(OLS)http://pul/publisher/47900